| 000 | 01131nam a2200313 i 4500 | ||
|---|---|---|---|
| 003 | EG-GICUC | ||
| 005 | 20260218092938.0 | ||
| 008 | 260112s1973 ua o|||fr|||| 00| 0 ara d | ||
| 040 |
_a EG-GICUC _bara _c EG-GICUC _d EG-GICUC _erda |
||
| 041 | 1 | _aAra | |
| 082 | 0 | 4 |
_221 _a343.81 _bع ب . ت |
| 092 | 0 | 4 | _221 |
| 099 | _aLaw1 10 343.81 ع ب . ت 1973 | ||
| 100 | 0 |
_aعبدالستار الجميلى _eمؤلف. |
|
| 245 | 1 | 2 |
_aالتحقيق الجنائى قانون وفن / _cتأليف الدكتور عبدالستار الجميلى . |
| 250 | _aالطبعة الأولى | ||
| 264 | 3 |
_aبغداد : _bمطبعة دار السلام، _c1973. |
|
| 300 |
_a558صفحة : _bصور ؛ _c24 سم. |
||
| 336 |
_2rda content _atext |
||
| 337 |
_2rda media _aComputer |
||
| 338 |
_2rda carrier _aOnline Resource |
||
| 504 | _a ببليوجرافيا: صفحات540-544. | ||
| 650 | 1 |
_aالتحقيق الجنائى الفنى _2qrmak |
|
| 650 | 1 |
_aالقانون الجنائى _2qrmak |
|
| 651 | 1 | _2qrmak | |
| 856 | 4 | 0 | _uhttps://fll.law.cu.edu.eg/fulltext/bks/B10-07750.pdf |
| 905 | _a54 | ||
| 942 |
_2ddc _cBK _e21 _n0 |
||
| 999 |
_c56629 _d56629 |
||